000 00415nam a2200181Ia 4500
001 18831
005 20260306171659.0
008 260306s9999||||xx |||||||||||||| ||und||
041 _aESP
082 _a658.5
_bP699
100 _aPyzdek, Thomas
_eAUT
245 4 _aThe six sigma handbook
260 _c2014
300 _a690 páginas :
_c24 cm.
650 _aGEN
654 _aCAN
942 _cLIB
_dJUS
_fJUS
_2ddc
_n
999 _c18831
_d18831